000 00700nam a2200217 a 4500
001 59401
003 BD-RjUL
005 20211209080726.0
008 161224s1969 pk c 001 0 eng
035 _a(BD-RjUL) 59525
040 _aDLC
_cDLC
_dDLC
_dBD-RjUL
_beng
041 _aeng
082 0 0 _a347.5491066
_223
_bSAL 1969
100 1 _aSabri, Masud-ul-Hassan Khan.
_9176659
245 1 4 _aThe law of cross-examination :
_bPakistan & international with law of evidence.
_cMasud-ul-Hassan Khan Sabri
260 _aLahore :
_bKhyber Law Publishers,
_c1969.
300 _avii, 308 p. :
_bill. ;
_c23 cm.
500 _aIncludes index.
650 0 _aCross-examination
_zPakistan.
_9176660
942 _2ddc
_cBK
999 _c59401
_d59401